| 000 | 00334nam a2200109Ia 4500 | ||
|---|---|---|---|
| 008 | 171211s9999 xx 000 0 und d | ||
| 245 | _aDr. Hubbard's Sex Facts for Men and Women | ||
| 245 | _cBob Berkowitz and Susan Yager-Berkowitz | ||
| 260 | _c2009 | ||
| 650 | _xSexuality | ||
| 856 | _uhttp://down.ebook777.com/064/9780061702556.pdf | ||
| 999 |
_c350642 _d350642 |
||